UBT Library

Expert systems : (Record no. 42382)

000 -LEADER
fixed length control field 00650cam a2200229 a 4500
001 - CONTROL NUMBER
control field 480752
005 - DATE AND TIME OF LATEST TRANSACTION
control field 20180213070721.0
008 - FIXED-LENGTH DATA ELEMENTS--GENERAL INFORMATION
fixed length control field 841210s1985 nyua b 001 0 eng
010 ## - LIBRARY OF CONGRESS CONTROL NUMBER
LC control number 84027148
020 ## - INTERNATIONAL STANDARD BOOK NUMBER
International Standard Book Number 0471815543 :
Terms of availability $29.95 (est.)
020 ## - INTERNATIONAL STANDARD BOOK NUMBER
International Standard Book Number 0471808245 (pbk.) :
Terms of availability $16.95
040 ## - CATALOGING SOURCE
Original cataloging agency DLC
Transcribing agency DLC
Modifying agency DLC
041 ## - LANGUAGE CODE
Language code of text/sound track or separate title eng
080 ## - UNIVERSAL DECIMAL CLASSIFICATION NUMBER
Universal Decimal Classification number 001.535 pau
082 00 - DEWEY DECIMAL CLASSIFICATION NUMBER
Classification number 001.535 pau
Edition number 19
100 1# - Rafti
Rafti 57
101 ## - Shkurtesa
Shkurtesa bus
245 10 - TITLE STATEMENT
Title Expert systems :
Statement of responsibility, etc Paul Harmon and David King.
504 ## - BIBLIOGRAPHY, ETC. NOTE
Bibliography, etc Bibliography: p. [274]-278.
906 ## - LOCAL DATA ELEMENT F, LDF (RLIN)
a 7
b cbc
c orignew
d 1
e ocip
f 19
g y-gencatlg
942 ## - ADDED ENTRY ELEMENTS (KOHA)
Source of classification or shelving scheme
Item type Books
Holdings
Withdrawn status Lost status Source of classification or shelving scheme Damaged status Not for loan Collection code Permanent location Current location Shelving location Date acquired Total Checkouts Full call number Barcode Date last seen Price effective from Koha item type
          Koleksioni i përgjithshem UBT - Lipjan UBT - Lipjan Koleksioni i përgjithshem 02/13/2018   001.535 pau 002-2997413 02/13/2018 02/13/2018 Books
UBT Library © 2015-2024. All rights reserved University Education for Business and Technology